| 000 | 01403nac a22003011u 4500 | ||
|---|---|---|---|
| 010 | _a 2002004711 | ||
| 020 | _a0787960594 (alk. paper) | ||
| 082 | 0 | 0 |
_a371.2 _bDIA |
| 090 |
_c5238 _d5238 |
||
| 100 | _a20080729 | ||
| 245 | 0 | 0 |
_aField guide to academic leadership / _cRobert M. Diamond, editor ; Bronwyn Adam, assistant editor. |
| 250 | _a1st ed. | ||
| 260 |
_aSan Francisco : _bJossey-Bass,2002 _cc2002. |
||
| 300 |
_axxxii, 526 p. ; _c23 cm. |
||
| 440 | 4 | _aThe Jossey-Bass higher and adult education series | |
| 500 | _adistributer: Al-Ahram | ||
| 504 | _aIncludes bibliographical references and indexes. | ||
| 511 | _acatalogued by: wessam | ||
| 650 | 0 |
_aUniversities and colleges _zUnited States _xAdministration _vHandbooks, manuals, etc. |
|
| 650 | 0 |
_aEducational leadership _zUnited States _vHandbooks, manuals, etc. |
|
| 700 | 1 | _aDiamond, Robert M. | |
| 700 | 1 | _aAdam, Bronwyn E. | |
| 856 | 4 | 2 |
_3Contributor biographical information _uhttp://www.loc.gov/catdir/bios/wiley046/2002004711.html |
| 856 | 4 | 2 |
_3Publisher description _uhttp://www.loc.gov/catdir/description/wiley039/2002004711.html |
| 856 | 4 | 2 |
_3Table of contents _uhttp://www.loc.gov/catdir/toc/wiley031/2002004711.html |
| 942 |
_cBB _kDIA |
||
| 999 |
_c5238 _d5238 |
||